Регионална библиотека "Любен Каравелов" - Русе

Принцесата и драконът (Запис номер 179410)

MARC детайли
000 -Лидер
Контролно поле с фиксирана дължина 01722nam a2200397 c 4500
003 - Код на организацията, давaща контролен номер
Контролно поле BLK
005 - Дата и час на последна редакция
Контролно поле 20250531124455.0
008 - Елементи от данни с фиксирана дължина
fixed length control field 180411b bul|||||r ||||||| ||bul||
010 ## - Наследен системен номер
LC control number KNG00188189000
040 ## - Източник на каталожния запис
Идентификатор на билиотеката - собственик на записа BLK
041 ## - Код за език
Код за езика на текст/звукозапис или на отделно заглавие Български
Код за езика КДБФ Български
072 #7 - Код за тематичната категория
Код организация bullib
Код за тематична категория Н83
Текст Чужда художествена литература Н
080 ## - УДК
Текстов определител УДК Английска литература
УДК код - определител по УДК 821.111
УДК определител -93-34
УДК - код + определител 821.111-93-34
139 ## - Редно поле
Редна дума Бакстър, Никола
Авторски знак Бак - Б 16
245 10 - Сведения за заглавието
Заглавие Принцесата и драконът
Редно поле (дума) текст Никола Бакстър; ил. Саманта Чафей; прев. Албена Василева Раленкова.
257 ## - Страна на издаване
Страна на създаване/издаване Великобритания
260 ## - Област на издателските данни
-- София
Име на издателя, разпространителя и проч. Фют
Година на издаване 2016
Печатница отпеч. в Китай
300 ## - Физическа характеристика
Страници 12 с.
Илюстрации и др. с цв. ил.
Размери/Мащаб 27Х27 см
380 ## - Жанр
Жанр Детска худож. лит.
490 1# - СЕРИИ (Колекции)
Име на серия Надникни през приказните прозорчета
500 ## - Общи забележки
Забележка Кор. опис. - Ориг. загл. The Princess and the Jewels / Nicola Baxter.
653 ## - Ключова дума – ненормативна
Ключова дума приказки
653 ## - Ключова дума – ненормативна
Ключова дума панорамни книги
653 ## - Ключова дума – ненормативна
Ключова дума литература за деца
653 ## - Ключова дума – ненормативна
Ключова дума детска литература
659 ## - Тематичен бюлетин
Тематичен бюлетин Н
700 1# - Други автори (авторска отговорност)
Лично име Бакстър, Никола
Автороска отговорност (Описва отношението между автора и произведението) текст
9 (RLIN) 378224
700 1# - Други автори (авторска отговорност)
Лично име Чафей, Саманта
Автороска отговорност (Описва отношението между автора и произведението) ил.
9 (RLIN) 141147
700 ## - Други автори (авторска отговорност)
Лично име Раленкова, Албена Василева
Дати, свързани с автора 1968 -
Друга информация Преводач от английски и френски език.
9 (RLIN) 368050
852 ## - Местоположение
Форматна сигнатура Цб ІІ 21309
856 4# - Електронен адрес и достъп
Електронен формат pdf - файл
Път до файла /url/
856 4# - Електронен адрес и достъп
Електронен формат pdf - файл
Път до файла /url/
942 ## - АРТИКУЛИ
Вид на библиотечния материал Книги
Скрит в OPAC Не
Koha issues (borrowed), all copies 23
944 ## - СЪЗДАВАНЕ И РЕДАКЦИЯ на ЗАПИСА
Създаване/Редакция Създаване
Дата на регистрацията/редакция 01.06.2016
Статус, дата на статуса Анна Гръцманова
Служител, извършил регистрацията/редакцията 30564
944 ## - СЪЗДАВАНЕ И РЕДАКЦИЯ на ЗАПИСА
Създаване/Редакция Редакция
Дата на регистрацията/редакция 16.06.2016
Статус, дата на статуса ф /
Служител, извършил регистрацията/редакцията Людмила_Стоянова
999 ## - СИСТЕМНИ КОНТРОЛНИ НОМЕРА
Koha biblionumber 179410
Koha biblioitemnumber 179410
Наличности
Код за отписване Код за изгубен артикул Код за повреда Коз за рестрикции Код за отдаване Артикулен № Име на библиотеката - собственик Име на библиотеката, в която се намира в момента Статус (Текущо местоположение) Дата на вписване в системата Местоположение - отдел Цена в лева Инвентарен номер Систематично азбучна сигнатура Баркод Номер на екземпляра Цена в евро Служебна бележка Служебен тип на артикула
  Не е изгубен Не е повреден без рестрикции заемане за дома 307735 Регионална библиотека "Любен Каравелов" Русе Регионална библиотека "Любен Каравелов" Русе Детски отдел 2016-05-31 Детски отдел 14.90 120000800687 ДХ 820/899/Б 16 120000800687 1 7.62 Дост: Pk Вид: Ф N: 461 Дата: 30.05.2016 Книги
Vip Innovations Ltd, Rousse, Bulgaria 2025